000 01536nam0a2200373 4500
001 RU\NLR\bibl\354557
005 20250621154744.0
010 _a5-86111-209-6
_9500
021 _aRU
_b2002-52947
_92567
035 _a(NLR Aleph) 000349223
090 _a265317
_c265317
100 _a20021226d2002 |||y0rusy50 ca
101 0 _arus
102 _aRU
105 _ay |||||||||
200 1 _aТворческая эволюция Генриха Цшокке-новеллиста
_fР.Ш. Царева
_gМ-во образования Рос. Федерации, Стерлитамак. гос. пед. ин-т, Стерлитамак. фил. Акад. наук Респ. Башкортостан, Ин-т истории, яз., и лит. Уфим. науч. центра Рос. акад. наук
210 _aСтерлитамак
_cСГПИ
_d2002
215 _a217 с.
_d21
320 _aБиблиогр.: с. 146-163
600 1 _aЦшокке
_bГ.
_f1771 - 1848
_gГенрих
_91942520
_3RU\NLR\auth\661175842
600 1 _aЦшокке
_bГ.
_f1771-1848
_gГенрих Даниел
_2psbo
675 _a821.112.2.09(436)
_v3
_zrus
675 _a929Цшокке
_v3
_zrus
686 _a17
_2rugasnti
686 _a83.3(4Авс)
_2rubbk
686 _aШ5(4Ш)152-4Цшокке
700 1 _aЦарева
_bР. Ш.
_gРима Шугаевна
_4070
801 0 _aRU
_bRKP
_c20021226
_gPSBO
801 1 _aRU
_bRKP
_c20021226
801 2 _aRU
_bNLR
_c20030129
_grcr
942 _cBOOK
980 _aNB
980 _aNBR